000 00363nam a22001337a 4500
008 180913b xxu||||| |||| 00| 0 eng d
020 _a9780781750011
041 _aeng
080 _23 ED
_a338
100 _a54
101 _aMAN
245 _aFoundations Of Athletics Trainning Prevention Assesmernt And Management
_cAnderson.K.M
942 _2udc
_cBK
999 _c47743
_d47743